Heredity (Record no. 241432)

MARC details
000 -LEADER
fixed length control field 00640nam a2200205 4500
005 - DATE AND TIME OF LATEST TRANSACTION
control field 20260514112133.0
008 - FIXED-LENGTH DATA ELEMENTS--GENERAL INFORMATION
fixed length control field 260514b |||||||| |||| 00| 0 eng d
040 ## - CATALOGING SOURCE
Transcribing agency AL
041 ## - LANGUAGE CODE
Language code of text/sound track or separate title Konkani/Devanagari
082 ## - DEWEY DECIMAL CLASSIFICATION NUMBER
Classification number 891.46308
Item number MARH
100 ## - MAIN ENTRY--PERSONAL NAME
Personal name Glanish Martis
100 ## - MAIN ENTRY--PERSONAL NAME
9 (RLIN) 263955
100 ## - MAIN ENTRY--PERSONAL NAME
Dates associated with a name ಗ್ಲ್ಯಾನಿಶ್ ಮಾರ್ಟಿಸ್
9 (RLIN) 263952
245 ## - TITLE STATEMENT
Title Heredity
Remainder of title : ಹೆರಿಡಿಟಿ
260 ## - PUBLICATION, DISTRIBUTION, ETC.
Place of publication, distribution, etc. Mangaluru
Name of publisher, distributor, etc. Kittall Publications
Date of publication, distribution, etc. 2024
300 ## - PHYSICAL DESCRIPTION
Extent viii,111p
Other physical details PB
Dimensions 21x13.5cm
365 ## - TRADE PRICE
Source of price type code Kannada
Currency code
Unit of pricing 200.00
650 ## - SUBJECT ADDED ENTRY--TOPICAL TERM
Topical term or geographic name entry element Matvyo Kaniyo
9 (RLIN) 263953
650 ## - SUBJECT ADDED ENTRY--TOPICAL TERM
Topical term or geographic name entry element Konkani Small Stories
9 (RLIN) 263954
942 ## - ADDED ENTRY ELEMENTS (KOHA)
Source of classification or shelving scheme Dewey Decimal Classification
Koha item type Donated Books
Holdings
Withdrawn status Lost status Source of classification or shelving scheme Damaged status Not for loan Collection code Home library Current library Date acquired Cost, normal purchase price Total Checkouts Full call number Barcode Date last seen Cost, replacement price Price effective from Koha item type
    Dewey Decimal Classification     Konkani St Aloysius Library St Aloysius Library 03/04/2026 200.00   891.46308 MARH D06389 05/14/2026 200.00 03/04/2026 Donated Books